Nanoimaging (Record no. 26594)
[ view plain ]
| 000 -LEADER | |
|---|---|
| fixed length control field | 00571nam a2200181Ia 4500 |
| 008 - FIXED-LENGTH DATA ELEMENTS--GENERAL INFORMATION | |
| fixed length control field | 170106s2011||||xx |||||||||||||| ||und|| |
| 020 ## - INTERNATIONAL STANDARD BOOK NUMBER | |
| International Standard Book Number | 9789814267090 |
| Qualifying information | hb |
| 082 ## - DEWEY DECIMAL CLASSIFICATION NUMBER | |
| Classification number | 616.0754 |
| Item number | GOI |
| 041 ## - LANGUAGE CODE | |
| Language code of text/sound track or separate title | eng |
| 100 ## - MAIN ENTRY--PERSONAL NAME | |
| Personal name | Goins, Beth A. |
| 245 #0 - TITLE STATEMENT | |
| Title | Nanoimaging |
| 260 ## - PUBLICATION, DISTRIBUTION, ETC. | |
| Place of publication, distribution, etc. | Singapore |
| Name of publisher, distributor, etc. | Pan Stanford Publishing |
| Date of publication, distribution, etc. | 2011 |
| 300 ## - PHYSICAL DESCRIPTION | |
| Extent | 298p. ; 26 cm. |
| 440 ## - SERIES STATEMENT/ADDED ENTRY--TITLE | |
| Title | Pan Stanford series on biomedical nanotechnology ; v.2 |
| 650 ## - SUBJECT ADDED ENTRY--TOPICAL TERM | |
| Topical term or geographic name entry element | Nanomedicine ; Biomedical engineering ; Nanostructured materials--Optical properties |
| 700 ## - ADDED ENTRY--PERSONAL NAME | |
| Personal name | Phillips, William T. |
| 942 ## - ADDED ENTRY ELEMENTS (KOHA) | |
| Koha item type | Book |
| Withdrawn status | Lost status | Damaged status | Not for loan | Home library | Current library | Shelving location | Date acquired | Source of acquisition | Full call number | Barcode | Date last seen | Price effective from | Koha item type |
|---|---|---|---|---|---|---|---|---|---|---|---|---|---|
| LRC, IIT Indore | LRC, IIT Indore | 2nd Floor - General Stack | 31/03/2014 | PO No. 283 ; Vendor: Atlantic Pub. Dis., New Delhi ; Bill No. 13116262, dt.29.03.2014; Price: UKP 95 | 616.0754 GOI | 26594 | 06/01/2017 | 31/03/2014 | Book |
